Languages of Every Leader In Sid Meier's Civilization Series - Statistics

General Stats
  • This quiz has been taken 85 times
    35 since last reset
  • The average score is 285 of 355
Answer Stats
Game(s) Leader Language % Correct
Civilization IV Civilization VI Pericles Ancient Greek
100%
Civilization V Gustavus Adolphus Ancient Greek
100%
Civilization I Civilization II Civilization III Civilization IV Civilization V Civilization VI Alexander the Great Ancient Greek / Ancient Macedonian (Unknown if distinct language or divergent dialect)
100%
Civilization VI Gorgo Doric Greek
100%
Civilization I Civilization II Civilization III Civilization IV Civilization VI Abraham Lincoln English
100%
Civilization I Civilization II Civilization III Civilization IV Civilization V Civilization VI Elizabeth I English
100%
Civilization I Civilization II Civilization III Civilization IV Civilization V Civilization VI Mohandas Gandhi English
100%
Civilization II Eleanor Roosevelt English
100%
Civilization II Henry VIII English
100%
Civilization II Indira Gandhi English
100%
Civilization II Vladimir Lenin English
100%
Civilization III Civilization IV Civilization V Otto von Bismarck English
100%
Civilization IV Winston Churchill English
100%
Civilization IV Charles de Gaulle English
100%
Civilization IV Civilization VII Frederick the Great English
100%
Civilization IV Franklin D. Roosevelt English
100%
Civilization IV Civilization VI Alexandrina Victoria English
100%
Civilization IV Civilization V George Washington English
100%
Civilization V Civilization VI Pedro II English
100%
Civilization VI John Curtin English
100%
Civilization VI Menelik II English
100%
Civilization VI Theodore Roosevelt English
100%
Civilization VI Wilfrid Laurier English
100%
Civilization VI Wilhelmina English
100%
Civilization VII Benjamin Franklin English
100%
Civilization VII Harriet Tubman English
100%
Civilization VII José Rizal English
100%
Civilization VII Marquis de Lafayette English
100%
Civilization VII Ada Lovelace English
100%
Civilization VII Rani Lakshmibai English
100%
Civilization I Civilization II Civilization III Civilization IV Civilization V Civilization VI Elizabeth I Greek
100%
Civilization I Civilization II Frederick II Greek
100%
Civilization IV Civilization VII Charlemagne Greek
100%
Civilization IV Mehmed II Greek
100%
Civilization V Civilization VI Pedro II Greek
100%
Civilization VI Catherine de' Medici Greek
100%
Civilization VI João III Greek
100%
Civilization VI Kristina Greek
100%
Civilization VI Trajan Greek
100%
Civilization VII José Rizal Greek
100%
Civilization I Civilization II Civilization III Civilization IV Civilization VI Julius Caesar Koiné Greek
100%
Civilization II Civilization III Civilization IV Hannibal Koiné Greek
100%
Civilization II Civilization III Civilization VI Cleopatra VII Koiné Greek
100%
Civilization III Civilization V Civilization VI Theodora Koiné Greek
100%
Civilization IV Civilization VII Ashoka Koiné Greek
100%
Civilization IV Civilization V Civilization VII Augustus Koiné Greek
100%
Civilization IV Justinian I Koiné Greek
100%
Civilization VI Basil II Koiné Greek
100%
Civilization VI Robert the Bruce Middle English
100%
Civilization I Civilization II Frederick II Arabic
96%
Civilization II Civilization IV Civilization VI Saladin Arabic
96%
Civilization IV Civilization VI Mansa Musa Arabic
96%
Civilization IV Mehmed II Arabic
96%
Civilization IV Civilization V Civilization VI Suleiman I Arabic
96%
Civilization V Ahmad al-Mansur Arabic
96%
Civilization V Askia Muhammad I Arabic
96%
Civilization V Civilization VI Pedro II Arabic
96%
Civilization VI Kristina Arabic
96%
Civilization III Abu Bakr / Abd Allah ibn Abi Quhafa Classical Arabic
96%
Civilization V Harun al-Rashid Classical Arabic
96%
Civilization I Civilization II Civilization III Civilization IV Civilization VI Tokugawa Ieyasu Early Modern Japanese
96%
Civilization II Cnut / Knútr Ecclesiastical Latin
96%
Civilization I Civilization II Civilization IV Civilization V Civilization VI Ramesses II Egyptian
96%
Civilization II Civilization III Civilization VI Cleopatra VII Egyptian
96%
Civilization IV Civilization VII Hatshepsut Egyptian
96%
Civilization IV Mehmed II Farsi
96%
Civilization IV Civilization V Civilization VI Suleiman I Farsi
96%
Civilization VI Nader Shah Farsi
96%
Civilization VII Rani Lakshmibai Farsi
96%
Civilization I Civilization II Civilization III Civilization IV Civilization V Civilization VI Elizabeth I French
96%
Civilization I Civilization IV Civilization V Civilization VII Napoléon Bonaparte French
96%
Civilization II Eleanor Roosevelt French
96%
Civilization II Henry VIII French
96%
Civilization II Civilization IV Louis XIV French
96%
Civilization II Civilization III Joan of Arc French
96%
Civilization II Civilization V Maria Theresa French
96%
Civilization II Indira Gandhi French
96%
Civilization II Vladimir Lenin French
96%
Civilization II Civilization III Civilization IV Civilization V Civilization VII Catherine II French
96%
Civilization III Civilization IV Civilization V Otto von Bismarck French
96%
Civilization III Charles V French
96%
Civilization III Civilization IV Civilization V Willem van Oranje French
96%
Civilization IV Winston Churchill French
96%
Civilization IV Charles de Gaulle French
96%
Civilization IV Civilization VII Frederick the Great French
96%
Civilization IV Civilization VI Peter I French
96%
Civilization IV Franklin D. Roosevelt French
96%
Civilization IV Civilization VI Alexandrina Victoria French
96%
Civilization V Gustavus Adolphus French
96%
Civilization V Haile Selassie French
96%
Civilization V Civilization VI Pedro II French
96%
Civilization VI Catherine de' Medici French
96%
Civilization VI Eleanor of Aquitaine French
96%
Civilization VI Kristina French
96%
Civilization VI Ludwig II French
96%
Civilization VI Menelik II French
96%
Civilization VI Theodore Roosevelt French
96%
Civilization VI Wilfrid Laurier French
96%
Civilization VII Benjamin Franklin French
96%
Civilization VII José Rizal French
96%
Civilization VII Marquis de Lafayette French
96%
Civilization VII Ada Lovelace French
96%
Civilization I Civilization II Civilization III Civilization IV Civilization V Civilization VI Elizabeth I Italian
96%
Civilization I Civilization IV Civilization V Civilization VII Napoléon Bonaparte Italian
96%
Civilization II Civilization IV Louis XIV Italian
96%
Civilization II Civilization V Maria Theresa Italian
96%
Civilization III Civilization IV Civilization V Otto von Bismarck Italian
96%
Civilization IV Civilization VII Frederick the Great Italian
96%
Civilization IV Civilization VI Alexandrina Victoria Italian
96%
Civilization V Civilization VI Pedro II Italian
96%
Civilization VI Jadwiga Italian
96%
Civilization VI Kristina Italian
96%
Civilization VI Matthias Corvinus Italian
96%
Civilization VI Menelik II Italian
96%
Civilization VII Benjamin Franklin Italian
96%
Civilization VII Ada Lovelace Italian
96%
Civilization VII José Rizal Japanese
96%
Civilization V Oda Nobunaga Late Middle Japanese
96%
Civilization VI Houjou Tokimune Late Middle Japanese
96%
Civilization I Civilization II Civilization III Civilization IV Civilization VI Julius Caesar Latin
96%
Civilization I Civilization II Civilization III Civilization IV Civilization V Civilization VI Elizabeth I Latin
96%
Civilization I Civilization II Frederick II Latin
96%
Civilization II Civilization III Civilization IV Hannibal Latin
96%
Civilization II Cunobeline Latin
96%
Civilization II Henry VIII Latin
96%
Civilization II Civilization IV Louis XIV Latin
96%
Civilization II Civilization V Maria Theresa Latin
96%
Civilization II Livia Drusilla Latin
96%
Civilization II Civilization VI Philip II Latin
96%
Civilization II Civilization III Civilization IV Civilization V Civilization VII Isabella I of Castile Latin
96%
Civilization III Charles V Latin
96%
Civilization IV Civilization V Civilization VII Augustus Latin
96%
Civilization IV Civilization VII Charlemagne Latin
96%
Civilization IV Justinian I Latin
96%
Civilization IV Mehmed II Latin
96%
Civilization IV Civilization VI Alexandrina Victoria Latin
96%
Civilization V Enrico Dandolo Latin
96%
Civilization V Gustavus Adolphus Latin
96%
Civilization V Civilization VI Pedro II Latin
96%
Civilization VI Catherine de' Medici Latin
96%
Civilization VI Eleanor of Aquitaine Latin
96%
Civilization VI Frederick Barbarossa Latin
96%
Civilization VI Jadwiga Latin
96%
Civilization VI João III Latin
96%
Civilization VI Kristina Latin
96%
Civilization VI Matthias Corvinus Latin
96%
Civilization VI Robert the Bruce Latin
96%
Civilization VI Trajan Latin
96%
Civilization VII Benjamin Franklin Latin
96%
Civilization VII José Rizal Latin
96%
Civilization VII Marquis de Lafayette Latin
96%
Civilization VII Niccolò Machiavelli Latin
96%
Civilization VII Ibn Battuta Maghrebi Arabic
96%
Civilization II Civilization V Civilization VI Wu Zetian Middle Chinese
96%
Civilization V Civilization VI Sejong Middle Korean
96%
Civilization II Cnut / Knútr Old English
96%
Civilization IV Civilization VII Charlemagne Old Frankish
96%
Civilization I Civilization II Frederick II Old French
96%
Civilization VI Seondeok Old Korean
96%
Civilization III Civilization IV Taejo Wang Kŏn Old Korean / Middle Korean
96%
Civilization IV Civilization VI Kublai Khan Old Mandarin
96%
Civilization II Civilization III Civilization VII Xerxes I Old Persian
96%
Civilization IV Civilization VI Cyrus II Old Persian
96%
Civilization IV Civilization V Darius I Old Persian
96%
Civilization VII Himiko Proto-Japonic
96%
Civilization I Civilization II Civilization III Civilization IV Civilization V Civilization VI Elizabeth I Spanish
96%
Civilization II Civilization IV Louis XIV Spanish
96%
Civilization II Civilization V Maria Theresa Spanish
96%
Civilization II Civilization VI Philip II Spanish
96%
Civilization II Civilization III Civilization IV Civilization V Civilization VII Isabella I of Castile Spanish
96%
Civilization III Charles V Spanish
96%
Civilization III Civilization IV Civilization V Willem van Oranje Spanish
96%
Civilization IV Civilization VII Frederick the Great Spanish
96%
Civilization V Civilization VI Pedro II Spanish
96%
Civilization VI Lef-Traru / Lautaro Spanish
96%
Civilization VI Civilization VII Simón Bolívar Spanish
96%
Civilization VII Benjamin Franklin Spanish
96%
Civilization VII José Rizal Spanish
96%
Civilization VI Catherine de' Medici Tuscan / Florentine
96%
Civilization VII Niccolò Machiavelli Tuscan / Florentine
96%
Civilization III Charles V Dutch
92%
Civilization III Civilization IV Civilization V Willem van Oranje Dutch
92%
Civilization IV Civilization VI Peter I Dutch
92%
Civilization V Gustavus Adolphus Dutch
92%
Civilization VI Kristina Dutch
92%
Civilization VI Wilhelmina Dutch
92%
Civilization I Civilization IV Joseph Stalin German
92%
Civilization II Civilization V Maria Theresa German
92%
Civilization II Vladimir Lenin German
92%
Civilization II Civilization III Civilization IV Civilization V Civilization VII Catherine II German
92%
Civilization III Civilization IV Civilization V Otto von Bismarck German
92%
Civilization III Charles V German
92%
Civilization III Civilization IV Civilization V Willem van Oranje German
92%
Civilization IV Civilization VII Frederick the Great German
92%
Civilization IV Civilization VI Peter I German
92%
Civilization IV Franklin D. Roosevelt German
92%
Civilization IV Civilization VI Alexandrina Victoria German
92%
Civilization V Gustavus Adolphus German
92%
Civilization V Civilization VI Pedro II German
92%
Civilization VI Jadwiga German
92%
Civilization VI Kristina German
92%
Civilization VI Ludwig II German
92%
Civilization VI Matthias Corvinus German
92%
Civilization VII José Rizal German
92%
Civilization I Civilization II Civilization III Civilization IV Civilization V Civilization VI Mohandas Gandhi Hindi
92%
Civilization II Indira Gandhi Hindi
92%
Civilization VII Rani Lakshmibai Hindi
92%
Civilization IV Civilization VI Alexandrina Victoria Hindustani
92%
Civilization I Civilization II Frederick II Middle High German
92%
Civilization VI Frederick Barbarossa Middle High German
92%
Civilization IV Civilization VI Qin Shi Huang Old Chinese
92%
Civilization VII Confucius Old Chinese
92%
Civilization II Civilization VI Philip II Portuguese
92%
Civilization III Charles V Portuguese
92%
Civilization III Dom Henrique / Prince Henry the Navigator Portuguese
92%
Civilization IV Civilization VII Frederick the Great Portuguese
92%
Civilization IV João II Portuguese
92%
Civilization V Dona Maria I Portuguese
92%
Civilization V Civilization VI Pedro II Portuguese
92%
Civilization VI João III Portuguese
92%
Civilization VI Mvemba a Nzinga Portuguese
92%
Civilization VI Nzinga Mbande Portuguese
92%
Civilization VI Bà Triệu Proto-Việt-Mường
92%
Civilization VII Trưng Trắc Proto-Việt-Mường
92%
Civilization I Civilization IV Joseph Stalin Russian
92%
Civilization II Vladimir Lenin Russian
92%
Civilization II Civilization III Civilization IV Civilization V Civilization VII Catherine II Russian
92%
Civilization III Civilization IV Civilization V Otto von Bismarck Russian
92%
Civilization IV Civilization VI Peter I Russian
92%
Civilization V Gustavus Adolphus Swedish
92%
Civilization VI Kristina Swedish
92%
Civilization I Civilization II Civilization III Civilization IV Civilization V Civilization VI Shaka kaSenzangakhona Zulu
92%
Civilization VI Zhu Di / Yongle Emperor Classical Chinese
88%
Civilization I Civilization II Civilization III Civilization IV Civilization V Civilization VI Motēuczōma II Xōcoyōtzin Classical Nahuatl
88%
Civilization I Civilization II Civilization III Civilization IV Civilization V Civilization VI Civilization VII Chinggis Khan Middle Mongolian
88%
Civilization II Börte Middle Mongolian
88%
Civilization IV Civilization VI Kublai Khan Middle Mongolian
88%
Civilization III Osman I Old Anatolian Turkish
88%
Civilization IV Mehmed II Ottoman Turkish
88%
Civilization IV Civilization V Civilization VI Suleiman I Ottoman Turkish
88%
Civilization VI Kristina Danish
84%
Civilization VI Robert the Bruce Early Modern Gaelic
84%
Civilization I Civilization IV Joseph Stalin Georgian
84%
Civilization I Civilization II Civilization III Civilization IV Mao Zedong Mandarin
84%
Civilization V Civilization VI Pedro II Mandarin
84%
Civilization VI Tamar Mepe Middle Georgian
84%
Civilization V Casimir III the Great Old Polish
84%
Civilization III Civilization IV Civilization V Otto von Bismarck Polish
84%
Civilization VI Jadwiga Polish
84%
Civilization VI Matthias Corvinus Polish
84%
Civilization VI Nader Shah Southern Oghuz Turkic
84%
Civilization II Civilization IV Civilization VI Saladin Turkish
84%
Civilization V Haile Selassie Amharic
80%
Civilization VI Menelik II Amharic
80%
Civilization VI Jadwiga Hungarian
80%
Civilization VI Matthias Corvinus Hungarian
80%
Civilization II Civilization III Civilization IV Hannibal Punic
80%
Civilization II Civilization V Civilization VI Dido Punic
80%
Civilization III Civilization IV Civilization VI Gilgamesh Sumerian
76%
Civilization V Aššurbāniapli Sumerian
76%
Civilization II Cunobeline Common Brittonic
72%
Civilization II Civilization IV Civilization V Boudica Common Brittonic
72%
Civilization IV Sūryavarmăn II Old Khmer
72%
Civilization VI Jayavarman VII Old Khmer
72%
Civilization V Ramkhamhaeng Thai
72%
Civilization III Civilization V Civilization VI Civilization VII Pachacuti Classical Quechua / Imperial Quechua / Inca Lingua Franca
68%
Civilization IV Wayna Qhapaq Classical Quechua / Imperial Quechua / Inca Lingua Franca
68%
Civilization I Civilization IV Civilization V Civilization VII Napoléon Bonaparte Corsican
68%
Civilization II Atahualpa Classical Quechua / Imperial Quechua / Inca Lingua Franca
68%
Civilization II Civilization III Civilization VI Cleopatra VII Aramaic
64%
Civilization IV Civilization VII Ashoka Aramaic
64%
Civilization IV Civilization V Darius I Aramaic
64%
Civilization V Nebuchadnezzar II Aramaic
64%
Civilization V Attila Hunnic
64%
Civilization II Cnut / Knútr Old Norse
64%
Civilization II Gunnhildr Gormsdóttir Old Norse
64%
Civilization III Civilization IV Ragnarr Loðbrók Old Norse
64%
Civilization V Haraldr Blátǫnn Gormsson Old Norse
64%
Civilization VI Haraldr "Harðráði" Sigurðarson Old Norse
64%
Civilization VI Matthias Corvinus Czech
60%
Civilization V Kamehameha I Hawaiian
60%
Civilization V Civilization VI Pedro II Hebrew
60%
Civilization VI Kristina Hebrew
60%
Civilization VII José Rizal Hebrew
60%
Civilization I Civilization II Civilization III Civilization IV Civilization V Civilization VI Mohandas Gandhi Sanskrit
60%
Civilization IV Sūryavarmăn II Sanskrit
60%
Civilization V Civilization VI Pedro II Sanskrit
60%
Civilization VI Chandragupta Maurya Sanskrit
60%
Civilization VI Jayavarman VII Sanskrit
60%
Civilization I Civilization II Civilization III Civilization IV Civilization V Civilization VI Mohandas Gandhi Urdu
60%
Civilization IV Civilization V Civilization VI Suleiman I Urdu
60%
Civilization I Civilization II Civilization III Civilization IV Civilization V Civilization VI Mohandas Gandhi Gujarati
56%
Civilization VI Mvemba a Nzinga Kikongo
56%
Civilization II Civilization IV Civilization VI Saladin Kurmanji
56%
Civilization II Civilization IV Tȟatȟáŋka Íyotake / Sitting Bull Lakota
56%
Civilization VI Pîhtokahanapiwiyin / Poundmaker Nēhiyawēwin
56%
Civilization IV Mehmed II Serbo-Croatian
56%
Civilization IV Civilization V Civilization VI Suleiman I Serbo-Croatian
56%
Civilization VII José Rizal Catalan
52%
Civilization VI Lef-Traru / Lautaro Mapudungun
52%
Civilization VII Rani Lakshmibai Marathi
52%
Civilization VI Kupe Proto-Māori / Proto-Polynesian
52%
Civilization I Civilization II Civilization III Civilization IV Civilization V Civilization VI Mohandas Gandhi Tamil
52%
Civilization V Enrico Dandolo Venetian
52%
Civilization I Civilization II Civilization III Civilization IV Civilization VI Hammurabi Akkadian
48%
Civilization V Aššurbāniapli Akkadian
48%
Civilization V Nebuchadnezzar II Akkadian
48%
Civilization III Charles V Basque
48%
Civilization VI Tribhuwana Wijayatunggadewi / Gitarja Middle Javanese
48%
Civilization V Gajah Mada Old Javanese
48%
Civilization VI Menelik II Oromo
48%
Civilization VII José Rizal Tagalog
48%
Civilization V Civilization VI Pedro II Occitan
44%
Civilization VI Eleanor of Aquitaine Occitan
44%
Civilization VI Matthias Corvinus Romanian
44%
Civilization III Civilization IV Brennus Gaulish
40%
Civilization VI Ambiorix Gaulish
40%
Civilization II Sacagawea Shoshoni
36%
Civilization V Tondzaosha / Pocatello Shoshoni
36%
Civilization V Askia Muhammad I Soninke
36%
Civilization VI Menelik II Tigrinya
36%
Civilization III Mursili I Hittite
28%
Civilization III Civilization V Haiëñ'wa'tha / Hiawatha Kanien'kéha
28%
Civilization IV Civilization VI Mansa Musa Mandinka
28%
Civilization VI Sundiata Keita Mandinka
28%
Civilization I Civilization II Civilization III Civilization IV Mao Zedong Old Xiang
28%
Civilization VI Menelik II Afar
24%
Civilization II Civilization III Civilization VI Cleopatra VII Meroitic
24%
Civilization III Civilization IV Civilization V Otto von Bismarck Plattdeutsch
24%
Civilization VII Tecumseh Shawnee / Sâwanwâtowêwe
24%
Civilization IV Civilization VII Ashoka Ashokan Prakrit / Māgadhī Prakrit
20%
Civilization VII José Rizal Cebuano
20%
Civilization VII José Rizal Ilokano
20%
Civilization II Civilization III Civilization VI Cleopatra VII Median
20%
Civilization IV Civilization VI Cyrus II Median
20%
Civilization VI Chandragupta Maurya Prakrit
20%
Civilization I Civilization II Frederick II Sicilian
20%
Civilization III Civilization V Haiëñ'wa'tha / Hiawatha Onondaga
16%
Civilization VI Amanitore Meroitic
12%
Civilization II Civilization III Civilization VI Cleopatra VII Parthian
12%
Civilization II Civilization III Civilization VI Cleopatra VII Syriac
12%
Civilization VII Amina Zazzaganci / Hausa
12%
Civilization III Chan Imix Kʼawiil / Smoke Jaguar Classical Chʼoltiʼ
8%
Civilization IV Civilization V Kʼinich Janaabʼ Pakal Classical Chʼoltiʼ
8%
Civilization VI Wak Chanil Ajaw / Lady Six Sky Classical Chʼoltiʼ
8%
Civilization IV Zara Yaqob Geʽez
8%
Civilization VII Ibn Battuta Taqbaylit / Kabyle
8%
Civilization V Civilization VI Pedro II Tupi
8%
Civilization II Sacagawea Hiraaciré’
4%
Civilization VI Nzinga Mbande Kimbundu
4%
Civilization VI Eleanor of Aquitaine Poitevin–Saintongeais
4%
Civilization VI Tomyris Saka
4%
Civilization VI Robert the Bruce Anglo-Norman
0%
Civilization IV Civilization V Civilization VI Suleiman I Chagatai
0%
Civilization VII José Rizal Chavacano
0%
No matching quizzes found
Score Distribution
Percent of People with Each Score
Percentile by Number Answered
Your Score History
You have not taken this quiz since the last reset